Регионална библиотека "Любен Каравелов" - Русе

Упражнения за виолончело в неравноделни тактове (Запис номер 350279)

MARC детайли
000 -Лидер
Контролно поле с фиксирана дължина 01176ncm a2200289 a 4500
003 - Код на организацията, давaща контролен номер
Контролно поле BLK
005 - Дата и час на последна редакция
Контролно поле 20250215162443.0
008 - Елементи от данни с фиксирана дължина
fixed length control field 200401b bu ||||| |||| 00| 0 bu d
040 ## - Източник на каталожния запис
Идентификатор на билиотеката - собственик на записа BLK
041 ## - Код за език
Код за езика на текст/звукозапис или на отделно заглавие Български
Код за езика КДБФ Български
080 ## - УДК
Текстов определител УДК Виолончело учебна л-ра. Етюди, гами, упражнения
УДК код - определител по УДК 787.3.087.5
УДК - код + определител 787.3.087.5
100 ## - Редна дума - Автор
Автор Вапорджиев, Кирил
Авторска отговорност първи автор
R(LIN) 1299
139 ## - Редно поле
Редна дума Вапорджиев, Кирил
Авторски знак Вап - В 21
245 ## - Сведения за заглавието
Заглавие Упражнения за виолончело в неравноделни тактове
Редно поле (дума) Кирил Вапорджиев
257 ## - Страна на издаване
Страна на създаване/издаване България
260 ## - Област на издателските данни
9 (RLIN) 209548
Място на издаване, разпространение и проч. София
Име на издателя, разпространителя и проч. Наука и изкуство
Година на издаване 1966
300 ## - Физическа характеристика
Страници 27 с.
Размери/Мащаб 32 см
380 ## - Жанр
Жанр Изкуство
650 #7 - Допълнително описание по предмет – тема
Основно описание – тема или топоним Виолончело - методика и техника на свиренето
Източник на редна или ключова дума
9 (RLIN) 150751
653 #7 - Ключова дума – ненормативна
9 (RLIN) 183305
Ключова дума виолончело
653 #7 - Ключова дума – ненормативна
9 (RLIN) 199037
Ключова дума упражнения
700 ## - Други автори (авторска отговорност)
Лично име Вапорджиев, Кирил
Автороска отговорност (Описва отношението между автора и произведението) първи автор
9 (RLIN) 1299
852 ## - Местоположение
Форматна сигнатура Цб М ІІ 3928
Фондова буква Отдел Изкуство - подръчен фонд
999 ## - СИСТЕМНИ КОНТРОЛНИ НОМЕРА
Koha biblionumber 350279
Koha biblioitemnumber 350279
942 ## - АРТИКУЛИ
Вид на библиотечния материал Нотни издания
Скрит в OPAC Не
Периодичен библиозапис Да
944 ## - СЪЗДАВАНЕ И РЕДАКЦИЯ на ЗАПИСА
Дата на регистрацията/редакция 2020-04-01
Служител, извършил регистрацията/редакцията 30560
Статус, дата на статуса Геновева Генчева
999 ## - СИСТЕМНИ КОНТРОЛНИ НОМЕРА
Koha biblioitemnumber 350279
Наличности
Код за отписване Код за изгубен артикул Източник на класификационната схема Код за повреда Код за отдаване Артикулен № Име на библиотеката - собственик Име на библиотеката, в която се намира в момента Статус (Текущо местоположение) Дата на вписване в системата Местоположение - отдел Цена в лева Инвентарен номер Систематично азбучна сигнатура Баркод Цена в евро Служебен тип на артикула Коз за рестрикции
  Не е изгубен Universal Decimal Classification Не е повреден заемане за дома 757506 Регионална библиотека "Любен Каравелов" Русе Регионална библиотека "Любен Каравелов" Русе Отдел Изкуство - подръчен фонд 2020-04-01 Отдел Изкуство - подръчен фонд 0.35 10833/66 787.3/В 21 К 900000002660 0.18 Нотни издания  
  Не е изгубен Universal Decimal Classification Не е повреден заемане за дома 757507 Регионална библиотека "Любен Каравелов" Русе Регионална библиотека "Любен Каравелов" Русе Отдел Изкуство - подръчен фонд 2020-04-01 Отдел Изкуство - подръчен фонд 0.35 10834/66 787.3/В 21 К 900000002661 0.18 Нотни издания  
  Не е изгубен Universal Decimal Classification Не е повреден ползва се в читалня 768120 Регионална библиотека "Любен Каравелов" Русе Регионална библиотека "Любен Каравелов" Русе Хранилище 2020-05-08 Хранилище 0.35 6247/66 Цб М II 3928 900000007174 0.18 Нотни издания само за читалня
Vip Innovations Ltd, Rousse, Bulgaria 2025